[Event "IV Open de Lisboa Xeque Mate ao Verão 20"]
[Site "Avenida Gomes Pereira 17 - Lis"]
[Date "2016.09.08"]
[Round "6.9"]
[White "Morais, Vitor Mestre"]
[Black "Azevedo, Manuel Roque"]
[Result "1-0"]
[WhiteElo "1889"]
[BlackElo "1621"]
[PlyCount "91"]
[EventDate "2016.09.04"]

1. d4 e6 2. Nf3 d5 3. c4 Nf6 4. e3 c6 5. Bd3 Nbd7 6. O-O Bd6 7. Nc3 O-O 8. Qe2
dxc4 9. Bxc4 Nb6 10. Bb3 Qc7 11. e4 Bf4 12. e5 Bxc1 13. Raxc1 Nfd5 14. Nb5 Qe7
15. Nd6 f5 16. Nd2 Nf4 17. Qf3 Nbd5 18. N2c4 Rb8 19. Ne3 Bd7 20. Qd1 Nxe3 21.
fxe3 Nd5 22. Qf3 Be8 23. e4 fxe4 24. Qxe4 Bg6 25. Qg4 Bd3 26. Rf3 Rxf3 27. Qxf3
Bg6 28. Rf1 h6 29. g3 Qg5 30. h4 Qh5 31. Qf2 Bd3 32. Qf7+ Qxf7 33. Rxf7 Ba6 34.
Bxd5 cxd5 35. Re7 Rf8 36. Rxe6 Rf1+ 37. Kg2 Rd1 38. Re8+ Kh7 39. e6 Bf1+ 40.
Kf2 Bh3 41. e7 Bd7 42. Rd8 Bc6 43. e8=Q Bxe8 44. Rxe8 Rd2+ 45. Re2 Rxd4 46.
Nxb7 1-0

[Event "IV Open de Lisboa Xeque Mate ao Verão 20"]
[Site "Avenida Gomes Pereira 17 - Lis"]
[Date "2016.09.08"]
[Round "6.10"]
[White "Alves, Luis Miguel Guerreir"]
[Black "Bartolo, Diogo"]
[Result "1-0"]
[WhiteElo "1691"]
[BlackElo "1326"]
[PlyCount "61"]
[EventDate "2016.09.04"]

1. c4 e5 2. Nc3 Nf6 3. Nf3 e4 4. Ng5 d5 5. cxd5 Nxd5 6. Ngxe4 Bf5 7. Nxd5 Bxe4
8. Qa4+ c6 9. Qxe4+ Be7 10. Nxe7 Qxe7 11. Qxe7+ Kxe7 12. b3 Rd8 13. Ba3+ Ke8
14. g3 Nd7 15. Bg2 Rab8 16. d4 f6 17. O-O Kf7 18. Bd6 Rbc8 19. Bh3 g6 20. e4
Ra8 21. e5 f5 22. g4 Ke6 23. Kh1 Nb6 24. gxf5+ gxf5 25. Rg1 Nd5 26. Rg5 Nf4 27.
Bxf5+ Kd5 28. f3 Ne2 29. Be4+ Ke6 30. Rg7 Nxd4 31. Re7# 1-0

[Event "IV Open de Lisboa Xeque Mate ao Verão 20"]
[Site "Avenida Gomes Pereira 17 - Lis"]
[Date "2016.09.08"]
[Round "6.11"]
[White "Fortunato, Antonio Eduardo Con"]
[Black "Rocha, Paulo Alexandre Oliv"]
[Result "1/2-1/2"]
[WhiteElo "1638"]
[BlackElo "1377"]
[PlyCount "54"]
[EventDate "2016.09.04"]

1. d4 d5 2. c4 e6 3. cxd5 exd5 4. Nc3 c6 5. g3 Nf6 6. Bg2 Be7 7. Bg5 Qb6 8. Qd2
Nbd7 9. a3 O-O 10. Nf3 Re8 11. O-O Nf8 12. e3 Ne6 13. Qc2 Nxg5 14. Nxg5 h6 15.
Nh3 Bd6 16. Rac1 Be6 17. b4 Qd8 18. Kh1 Qd7 19. Ng1 Bf5 20. Qb2 Ne4 21. Nge2
Bh3 22. Nxe4 Bxg2+ 23. Kxg2 Rxe4 24. Nc3 Rh4 25. gxh4 Qg4+ 26. Kh1 Qf3+ 27. Kg1
Qg4+ 1/2-1/2

[Event "IV Open de Lisboa Xeque Mate ao Verão 20"]
[Site "Avenida Gomes Pereira 17 - Lis"]
[Date "2016.09.08"]
[Round "6.13"]
[White "Fernandes, Ricardo Paulos"]
[Black "Martins, Bruno Andre Leite"]
[Result "1/2-1/2"]
[WhiteElo "1675"]
[BlackElo "1848"]
[PlyCount "103"]
[EventDate "2016.09.04"]

1. e4 e6 2. d4 d5 3. Nd2 Nf6 4. e5 Nfd7 5. Bd3 c5 6. c3 Nc6 7. Ne2 cxd4 8. cxd4
f6 9. exf6 Nxf6 10. O-O Bd6 11. Nf3 Qc7 12. Nc3 a6 13. Re1 O-O 14. a3 Bd7 15.
h3 Kh8 16. Be3 e5 17. dxe5 Nxe5 18. Rc1 Nxf3+ 19. Qxf3 Bc6 20. Bd4 Qf7 21. Qf5
Qh5 22. Re6 Qxf5 23. Bxf5 Bf4 24. Rd1 Rae8 25. Bxf6 gxf6 26. Nxd5 Bxd5 27. Rxd5
Rxe6 28. Bxe6 Re8 29. g3 Be5 30. Bf5 Bxb2 31. Rd7 b5 32. Rxh7+ Kg8 33. Ra7 Bd4
34. Rd7 Bc5 35. Rd3 Re1+ 36. Kg2 Ra1 37. Bc8 Rxa3 38. Rxa3 Bxa3 39. Bxa6 b4 40.
Kf3 Kg7 41. Bd3 Bb2 42. Kg4 Bc3 43. f3 Be1 44. Kf4 Bd2+ 45. Kf5 Be1 46. g4 b3
47. f4 b2 48. g5 fxg5 49. fxg5 Bh4 50. g6 Be1 51. h4 Bxh4 52. Kg4 1/2-1/2

[Event "IV Open de Lisboa Xeque Mate ao Verão 20"]
[Site "Avenida Gomes Pereira 17 - Lis"]
[Date "2016.09.08"]
[Round "6.14"]
[White "Bartolo, Filipe Diogo Correia"]
[Black "Soares, Manuel A A L Brandao"]
[Result "1-0"]
[WhiteElo "1342"]
[BlackElo "1198"]
[PlyCount "81"]
[EventDate "2016.09.04"]

1. e4 c5 2. Nf3 Nc6 3. d4 cxd4 4. Nxd4 g6 5. Bc4 Bg7 6. Be3 Nf6 7. Nc3 O-O 8.
O-O d6 9. h3 Bd7 10. Qd2 Qa5 11. Nb3 Qb4 12. Bd3 Nxe4 13. Nxe4 Qxd2 14. Bxd2
Bxb2 15. Rab1 Bg7 16. Rfd1 Bf5 17. Nc3 Bxd3 18. cxd3 e6 19. Ne4 d5 20. Ng3 a5
21. Nc5 b6 22. Rxb6 Nb4 23. Bxb4 axb4 24. Rxb4 Rxa2 25. Rdb1 Be5 26. Nd7 Bd6
27. Rb6 Bc7 28. Rb7 Rc8 29. Rc1 Rxf2 30. Rbxc7 Rxc7 31. Rxc7 Rf4 32. Ne2 Rf5
33. Rb7 Kg7 34. Rb4 Kg8 35. Rf4 Kg7 36. Rxf5 gxf5 37. Kf2 Kg6 38. Kg3 Kg5 39.
d4 h5 40. h4+ Kg6 41. Kf4 1-0

[Event "IV Open de Lisboa Xeque Mate ao Verão 20"]
[Site "Avenida Gomes Pereira 17 - Lis"]
[Date "2016.09.08"]
[Round "6.15"]
[White "Guia, Artur Solovyov Eloy "]
[Black "Pitta, Afonso Gameiro Tosto"]
[Result "1-0"]
[WhiteElo "1332"]
[BlackElo "1047"]
[PlyCount "95"]
[EventDate "2016.09.04"]

1. e4 e5 2. Nf3 Nc6 3. Bb5 a6 4. Bxc6 dxc6 5. O-O Nf6 6. Nxe5 Bd6 7. Nf3 O-O 8.
e5 Bxe5 9. Nxe5 Qd5 10. Nf3 Qh5 11. d3 Qg4 12. Nh4 Qh5 13. Qxh5 Nxh5 14. Nc3
Be6 15. Be3 b6 16. Ne4 Bd5 17. Nf3 Rfe8 18. Ng3 Nxg3 19. hxg3 Bxf3 20. gxf3 Re5
21. Rfe1 Ree8 22. Bf4 c5 23. Bxc7 Rxe1+ 24. Rxe1 Rc8 25. Bxb6 Rb8 26. Bxc5 h6
27. b3 Rb5 28. Bd4 Rd5 29. Bc3 Rd6 30. Re8+ Kh7 31. Rc8 Re6 32. Rc5 Re2 33. Bb4
Re1+ 34. Bxe1 f6 35. Rc7 h5 36. c4 Kh6 37. c5 Kh7 38. c6 Kh6 39. a4 g5 40. Rh7+
Kxh7 41. c7 h4 42. c8=Q hxg3 43. Qd7+ Kh6 44. Qf7 gxf2+ 45. Bxf2 f5 46. Bd4 a5
47. Qg7+ Kh5 48. Qh7# 1-0

[Event "IV Open de Lisboa Xeque Mate ao Verão 20"]
[Site "Avenida Gomes Pereira 17 - Lis"]
[Date "2016.09.08"]
[Round "6.16"]
[White "Mesquita, Rui Duarte Jorge Lob"]
[Black "Antunes, Andre Rafael Maissa"]
[Result "0-1"]
[WhiteElo "1501"]
[BlackElo "1233"]
[PlyCount "66"]
[EventDate "2016.09.04"]

1. d4 c5 2. e3 d5 3. Nc3 e6 4. Nf3 Nf6 5. Bb5+ Bd7 6. Qe2 Nc6 7. O-O a6 8. Bxc6
Bxc6 9. Qd2 c4 10. b3 b5 11. a3 Bd6 12. Bb2 O-O 13. Rad1 a5 14. Na2 Ne4 15. Qc1
b4 16. a4 c3 17. Ba1 Ng5 18. Nxg5 Qxg5 19. f4 Qh5 20. Rf3 f6 21. Rh3 Qe8 22.
Rf1 e5 23. Nxc3 bxc3 24. Bxc3 exf4 25. exf4 Bd7 26. Re3 Qh5 27. Qd1 Qxd1 28.
Rxd1 Bb4 29. Bxb4 axb4 30. Re7 Bf5 31. Rd2 Rac8 32. Ree2 Be4 33. g3 Rc7 0-1

[Event "IV Open de Lisboa Xeque Mate ao Verão 20"]
[Site "Avenida Gomes Pereira 17 - Lis"]
[Date "2016.09.08"]
[Round "6.18"]
[White "Lages, Duarte Jorge Silva"]
[Black "Martins, Domingos António Mel"]
[Result "1-0"]
[WhiteElo "1609"]
[BlackElo "1215"]
[PlyCount "103"]
[EventDate "2016.09.04"]

1. d4 d5 2. c4 c6 3. Nf3 Bf5 4. Nc3 Nf6 5. Qb3 Qc7 6. cxd5 e6 7. dxc6 Nxc6 8.
Bg5 Bd6 9. e3 Ne4 10. Nb5 Qa5+ 11. Nc3 Bb4 12. Rc1 h6 13. Bf4 Rd8 14. a3 Be7
15. Qxb7 Nxc3 16. Qxc6+ Kf8 17. Rxc3 g5 18. Bc7 Qd5 19. Bxd8 Qxd8 20. Qb7 Qa5
21. Ne5 Bxa3 22. Nc4 Qb4 23. Qc7 Bxb2 24. Nxb2 Qxb2 25. Qc5+ Kg7 26. Be2 Rb8
27. Bd1 Rb5 28. Qc7 Qb4 29. O-O a5 30. Rb3 Qa4 31. Rxb5 Qxb5 32. Bf3 Qb2 33.
Qe5+ Kg6 34. g4 Bd3 35. Be4+ Bxe4 36. Qxe4+ Kg7 37. Qe5+ Kg6 38. Qxa5 Qe2 39.
h3 Qf3 40. Kh2 Qe2 41. Kg2 h5 42. Re1 Qd3 43. gxh5+ Kxh5 44. h4 Qe4+ 45. f3
Qxh4 46. Rh1 f5 47. Rxh4+ Kxh4 48. Qc7 g4 49. Qe7+ Kh5 50. fxg4+ fxg4 51. Qxe6
Kg5 52. Kg3 1-0

[Event "IV Open de Lisboa Xeque Mate ao Verão 20"]
[Site "Avenida Gomes Pereira 17 - Lis"]
[Date "2016.09.09"]
[Round "7.1"]
[White "Padeiro, Jose Joao Tato"]
[Black "Dias, Ricardo Pedro Cruz"]
[Result "0-1"]
[WhiteElo "2312"]
[BlackElo "2069"]
[PlyCount "113"]
[EventDate "2016.09.04"]

1. d4 d5 2. c4 c6 3. Nf3 Nf6 4. Nc3 e6 5. g3 dxc4 6. Ne5 b5 7. Bg2 Qb6 8. O-O
Bb7 9. e4 Be7 10. Be3 Qd8 11. f4 O-O 12. Qe2 Nbd7 13. Rad1 Qc7 14. Nxd7 Nxd7
15. e5 g6 16. g4 f5 17. gxf5 gxf5 18. Qh5 Rf7 19. Rf3 Rg7 20. Rg3 Nf8 21. Rxg7+
Kxg7 22. Rf1 Ng6 23. Rf3 Bb4 24. Rh3 Kg8 25. Rg3 Qf7 26. Qf3 Bxc3 27. bxc3 Kh8
28. Qh5 a5 29. Bf2 b4 30. Bf1 Ba6 31. Qf3 Ne7 32. Rg2 Nd5 33. Bh4 bxc3 34. Rc2
Rg8+ 35. Bg2 Bb5 36. Rxc3 h6 37. Rc2 Rb8 38. h3 Nb4 39. Rb2 Nd3 40. Rd2 Qd7 41.
Qh5 Kh7 42. Bg5 Qg7 43. Kh2 Qg6 44. Qh4 Nb4 45. Bf3 Rg8 46. Rg2 Qg7 47. Bf6 Qf8
48. Be7 Rxg2+ 49. Kxg2 Qg7+ 50. Kf2 c3 51. Bxb4 axb4 52. Bd1 Bc4 53. Qd8 Qa7
54. Ke3 Bxa2 55. Bh5 c2 56. Kd2 b3 57. Kc3 0-1

[Event "IV Open de Lisboa Xeque Mate ao Verão 20"]
[Site "Avenida Gomes Pereira 17 - Lis"]
[Date "2016.09.09"]
[Round "7.2"]
[White "Chifor, Ovidiu-Emanuel"]
[Black "Vlad-Ionut, Stegariu"]
[Result "1/2-1/2"]
[WhiteElo "2266"]
[BlackElo "2243"]
[PlyCount "67"]
[EventDate "2016.09.04"]

1. d4 d5 2. c4 c6 3. Nf3 Nf6 4. e3 e6 5. Nbd2 Nbd7 6. Bd3 Bd6 7. O-O O-O 8. e4
dxe4 9. Nxe4 Nxe4 10. Bxe4 Re8 11. c5 Bc7 12. Bg5 f6 13. Bh4 Qe7 14. Re1 Nf8
15. Qc2 Bd7 16. Bg3 Bxg3 17. hxg3 Red8 18. b4 Be8 19. Rab1 a6 20. a4 Bg6 21.
Rb3 Bxe4 22. Qxe4 Rd5 23. b5 axb5 24. axb5 Qd7 25. Reb1 Rc8 26. bxc6 bxc6 27.
Rb7 Rc7 28. Rb8 Rc8 29. g4 h6 30. g3 Qe8 31. Rxc8 Qxc8 32. Kg2 Kf7 33. Qe3 Nd7
34. Qf4 1/2-1/2

[Event "IV Open de Lisboa Xeque Mate ao Verão 20"]
[Site "Avenida Gomes Pereira 17 - Lis"]
[Date "2016.09.09"]
[Round "7.3"]
[White "Santos, Antonio Pereira"]
[Black "Guimaraes, Rui Pinto"]
[Result "1-0"]
[WhiteElo "2241"]
[BlackElo "2094"]
[PlyCount "55"]
[EventDate "2016.09.04"]

1. d4 Nf6 2. c4 c5 3. d5 b5 4. cxb5 a6 5. bxa6 g6 6. g3 Bxa6 7. Bg2 d6 8. Nc3
Bg7 9. Nf3 Nfd7 10. O-O Nb6 11. Qc2 N8d7 12. Rd1 O-O 13. Bg5 h6 14. Bf4 Nc4 15.
h4 Qa5 16. Rac1 Nf6 17. b3 Na3 18. Qd2 Kh7 19. e4 Rfb8 20. e5 Ne8 21. h5 Nb5
22. Nxb5 Rxb5 23. Qc2 Bc8 24. hxg6+ fxg6 25. Nh4 dxe5 26. Qxg6+ Kg8 27. Qxe8+
Kh7 28. Be4+ 1-0

[Event "IV Open de Lisboa Xeque Mate ao Verão 20"]
[Site "Avenida Gomes Pereira 17 - Lis"]
[Date "2016.09.09"]
[Round "7.4"]
[White "Acsinte, Matei-Ionut"]
[Black "Pires, Emanuel Joao Robarts"]
[Result "1-0"]
[WhiteElo "2331"]
[BlackElo "2081"]
[PlyCount "101"]
[EventDate "2016.09.04"]

1. c4 Nf6 2. Nc3 e6 3. Nf3 d5 4. d4 Be7 5. e3 c6 6. Qc2 Nbd7 7. a4 a5 8. Be2
dxc4 9. Bxc4 Nb6 10. Be2 Nbd5 11. O-O O-O 12. e4 Nb4 13. Qb3 b6 14. Rd1 Ba6 15.
Bxa6 Rxa6 16. Bg5 Ra8 17. Ne5 Nd7 18. Bxe7 Qxe7 19. Nxd7 Qxd7 20. Na2 Nxa2 21.
Qxa2 Rfd8 22. Rd3 h6 23. Rad1 Rac8 24. b3 Qd6 25. Qd2 Rc7 26. Rg3 Rcd7 27. Qc3
Qe5 28. Qxc6 Rxd4 29. Rxd4 Qxd4 30. h3 Qd1+ 31. Kh2 Qd6 32. Qc3 Qd4 33. Qf3 Qa1
34. Qf4 Rd1 35. Rf3 f6 36. Qc7 Qd4 37. Qc8+ Kf7 38. Qc7+ Kg8 39. Rg3 Qd7 40.
Qxb6 Rd4 41. Qxa5 Kh7 42. Qh5 Kh8 43. Qg6 Rd2 44. Rc3 Rxf2 45. Qg3 Qd2 46. Rc8+
Kh7 47. Rc7 Qf4 48. Rxg7+ Kh8 49. Qxf4 Rxf4 50. Rb7 Rxe4 51. a5 1-0

[Event "IV Open de Lisboa Xeque Mate ao Verão 20"]
[Site "Avenida Gomes Pereira 17 - Lis"]
[Date "2016.09.09"]
[Round "7.5"]
[White "Tieres, Cristiano R Silva Lo"]
[Black "Margarido, Jose Miguel Teixeir"]
[Result "1-0"]
[WhiteElo "1860"]
[BlackElo "2053"]
[PlyCount "63"]
[EventDate "2016.09.04"]

1. d4 Nf6 2. c4 e6 3. Nc3 Bb4 4. f3 O-O 5. a3 Bxc3+ 6. bxc3 Ne8 7. e4 b6 8. Bd3
Ba6 9. Be3 Nc6 10. Qe2 Na5 11. g4 d6 12. h4 c5 13. d5 Qd7 14. a4 Nc7 15. Nh3
exd5 16. exd5 f5 17. Ng5 Rac8 18. gxf5 Rxf5 19. Kf2 h6 20. Qc2 Rcf8 21. Bxf5
Rxf5 22. Ne4 Nxc4 23. Bxh6 gxh6 24. Rag1+ Kh8 25. Ng3 Rxd5 26. Qg6 Qg7 27. Ne4
Qxg6 28. Rxg6 Ne5 29. Rg3 Bd3 30. Rhg1 Ne6 31. Rg8+ Kh7 32. Nf6# 1-0

[Event "IV Open de Lisboa Xeque Mate ao Verão 20"]
[Site "Avenida Gomes Pereira 17 - Lis"]
[Date "2016.09.09"]
[Round "7.6"]
[White "Carneiro, Carlos Alberto Carva"]
[Black "Morais, Vitor Mestre"]
[Result "1-0"]
[WhiteElo "2189"]
[BlackElo "1889"]
[PlyCount "55"]
[EventDate "2016.09.04"]

1. d4 d5 2. Nf3 Nf6 3. c4 c6 4. Nc3 e6 5. cxd5 cxd5 6. Bf4 Nc6 7. e3 a6 8. Rc1
Qa5 9. Bd3 Ne4 10. Bxe4 dxe4 11. Ne5 Nxe5 12. Bxe5 f6 13. Bg3 Bd7 14. O-O Bc6
15. Qb3 Qf5 16. f3 exf3 17. e4 Qg4 18. gxf3 Qh3 19. d5 Bd7 20. Qxb7 Rc8 21.
dxe6 Bxe6 22. Nd5 Bd7 23. Nf4 Rxc1 24. Rxc1 Qh6 25. Rc7 g5 26. Qa8+ Ke7 27.
Nd5+ Ke6 28. Qxa6+ 1-0

[Event "IV Open de Lisboa Xeque Mate ao Verão 20"]
[Site "Avenida Gomes Pereira 17 - Lis"]
[Date "2016.09.09"]
[Round "7.7"]
[White "Fernandes, Tiago Saraiva"]
[Black "Santos, Amadeu Solha"]
[Result "1-0"]
[WhiteElo "1929"]
[BlackElo "1564"]
[PlyCount "61"]
[EventDate "2016.09.04"]

1. e4 e5 2. Bc4 Bc5 3. Nf3 d6 4. c3 h6 5. d3 Nc6 6. Bb3 Qe7 7. h3 Be6 8. Bc2
Nf6 9. Nbd2 Nh5 10. Nb3 O-O-O 11. Nxe5 Nxe5 12. Qxh5 Ng6 13. O-O Qh4 14. Qxh4
Nxh4 15. Nxc5 dxc5 16. Be3 b6 17. f4 f5 18. d4 cxd4 19. Bxd4 Rhg8 20. g3 c5 21.
Be3 Ng6 22. exf5 Bc4 23. fxg6 Bxf1 24. Kxf1 Rge8 25. Kf2 Rd6 26. Bb3 Kd8 27.
Bf7 Re7 28. Re1 Red7 29. f5 Rd1 30. f6 gxf6 31. g7 1-0

[Event "IV Open de Lisboa Xeque Mate ao Verão 20"]
[Site "Avenida Gomes Pereira 17 - Lis"]
[Date "2016.09.09"]
[Round "7.8"]
[White "Santos, Isabel Maria C Perei"]
[Black "Alves, Luis Miguel Guerreir"]
[Result "0-1"]
[WhiteElo "1599"]
[BlackElo "1691"]
[PlyCount "86"]
[EventDate "2016.09.04"]

1. d4 Nf6 2. Nf3 g6 3. g3 Bg7 4. Bg2 O-O 5. O-O c5 6. c4 cxd4 7. Nxd4 Nc6 8.
Nxc6 bxc6 9. Nc3 Rb8 10. b3 Ne4 11. Nxe4 Bxa1 12. Bf4 e5 13. Bg5 f6 14. Nxf6+
Rxf6 15. Qxa1 h6 16. Bxf6 Qxf6 17. f4 Qd8 18. Qxe5 d6 19. Qe4 Qb6+ 20. Kh1 Bf5
21. Qxc6 Qb4 22. Qd5+ Kf8 23. Be4 Bc8 24. Bxg6 Bb7 25. e4 Bxd5 26. exd5 Kg7 27.
f5 Qd2 28. h4 Kf6 29. Kg1 a5 30. Rf2 Qe3 31. Kg2 a4 32. Bh5 Rg8 33. Bf3 Qe1 34.
g4 Ra8 35. Rc2 axb3 36. axb3 Qb1 37. Rf2 Qxb3 38. g5+ hxg5 39. hxg5+ Kxg5 40.
f6 Rf8 41. Kh2 Rxf6 42. Rg2+ Kh6 43. Be2 Qe3 0-1

[Event "IV Open de Lisboa Xeque Mate ao Verão 20"]
[Site "Avenida Gomes Pereira 17 - Lis"]
[Date "2016.09.09"]
[Round "7.9"]
[White "Antunes, Ricardo Miguel Maiss"]
[Black "Aguiar, Carlos Alberto Branc"]
[Result "0-1"]
[WhiteElo "1580"]
[BlackElo "1829"]
[PlyCount "56"]
[EventDate "2016.09.04"]

1. e4 c5 2. Nf3 a6 3. c3 e6 4. d4 cxd4 5. cxd4 Nf6 6. Nc3 Bb4 7. Bd3 Nc6 8. O-O
O-O 9. Bg5 Be7 10. Qd2 b5 11. Bxf6 Bxf6 12. e5 Be7 13. d5 exd5 14. Nxd5 h6 15.
b4 Bb7 16. Rfe1 Bg5 17. Nxg5 Qxg5 18. f4 Qd8 19. Be4 d6 20. exd6 Qxd6 21. Ne7+
Qxe7 22. Bxc6 Qc7 23. Bxb7 Qxb7 24. a4 Rfe8 25. Rxe8+ Rxe8 26. axb5 Qxb5 27.
Ra5 Qb6+ 28. Kf1 Rd8 0-1

[Event "IV Open de Lisboa Xeque Mate ao Verão 20"]
[Site "Avenida Gomes Pereira 17 - Lis"]
[Date "2016.09.09"]
[Round "7.10"]
[White "Rocha, Paulo Alexandre Oliv"]
[Black "Fernandes, Ricardo Paulos"]
[Result "1-0"]
[WhiteElo "1377"]
[BlackElo "1675"]
[PlyCount "149"]
[EventDate "2016.09.04"]

1. e4 e5 2. Nf3 Nc6 3. d4 exd4 4. Nxd4 Qh4 5. Nc3 Bb4 6. Be2 Qxe4 7. Ndb5 Qe5
8. f4 Bxc3+ 9. bxc3 Qc5 10. Nxc7+ Kd8 11. Nxa8 b6 12. Qd3 Bb7 13. Be3 Qe7 14.
Nxb6 axb6 15. Bxb6+ Kc8 16. O-O Nf6 17. Rfe1 g5 18. Bf3 Qf8 19. fxg5 Ne8 20.
Rxe8+ Qxe8 21. Qd6 Qe5 22. Rd1 Qxd6 23. Rxd6 Ba6 24. Bxc6 dxc6 25. Rxc6+ Kb7
26. Rf6 Bc4 27. a4 Re8 28. Bf2 Rd8 29. Bd4 Re8 30. h3 Re1+ 31. Kh2 Bd5 32. Rf2
Ka6 33. Rf5 Be6 34. Re5 Rc1 35. Re2 Ra1 36. Kg3 Rxa4 37. Kh4 Bf5 38. Kh5 Rc4
39. Kh6 Rc6+ 40. Bf6 Rc4 41. g4 Bg6 42. Kg7 Kb6 43. Re7 Rf4 44. Rxf7 Kc6 45.
Rf8 Rf3 46. Bd4 Rxh3 47. Rf6+ Kd5 48. Rxg6 hxg6 49. Kxg6 Ke6 50. c4 Rh4 51. c3
Rxg4 52. Kh5 Rf4 53. g6 Ke7 54. c5 Kf8 55. c6 Re4 56. c7 Re8 57. Kg5 Rc8 58.
Be5 Kg8 59. Kf6 Re8 60. Bd6 Rc8 61. Ke7 Kh8 62. Kd7 Rxc7+ 63. Bxc7 Kg7 64. Bd6
Kxg6 65. c4 Kf5 66. c5 Ke4 67. c6 Kd4 68. c7 Kc4 69. c8=Q+ Kb3 70. Qc5 Kb2 71.
Be5+ Ka2 72. Qb5 Ka3 73. Qb1 Ka4 74. Kc6 Ka5 75. Qb5# 1-0

[Event "IV Open de Lisboa Xeque Mate ao Verão 20"]
[Site "Avenida Gomes Pereira 17 - Lis"]
[Date "2016.09.09"]
[Round "7.12"]
[White "Azevedo, Manuel Roque"]
[Black "Bartolo, Filipe Diogo Correia"]
[Result "1-0"]
[WhiteElo "1621"]
[BlackElo "1342"]
[PlyCount "85"]
[EventDate "2016.09.04"]

1. d4 c5 2. d5 d6 3. c4 g6 4. Nc3 Nf6 5. e4 Bg7 6. Bd3 O-O 7. Nge2 Re8 8. O-O
e6 9. f3 Bd7 10. Bf4 Qc7 11. Qc1 Na6 12. a3 Nh5 13. Be3 Qd8 14. Nf4 Nf6 15.
dxe6 Bxe6 16. Nfd5 Nxd5 17. cxd5 Bd7 18. Qd2 Qc8 19. Rac1 f5 20. Bf4 Bf8 21.
Nb5 fxe4 22. fxe4 Bxb5 23. Bxb5 Rxe4 24. Rce1 Rxe1 25. Rxe1 Qf5 26. Rf1 Qe4 27.
Bd7 Nc7 28. Re1 Qc4 29. Be6+ Nxe6 30. Rxe6 Rd8 31. h4 Qb5 32. Bg5 Re8 33. Qe3
Rc8 34. Bf6 Qc4 35. Qf3 Qb5 36. h5 Qd7 37. hxg6 hxg6 38. Qg4 Qf7 39. Bc3 Kh7
40. Qh4+ Bh6 41. Re7 Rf8 42. Rxf7+ Rxf7 43. Bd2 1-0

[Event "IV Open de Lisboa Xeque Mate ao Verão 20"]
[Site "Avenida Gomes Pereira 17 - Lis"]
[Date "2016.09.09"]
[Round "7.13"]
[White "Bartolo, Diogo"]
[Black "Guia, Artur Solovyov Eloy "]
[Result "0-1"]
[WhiteElo "1326"]
[BlackElo "1332"]
[PlyCount "58"]
[EventDate "2016.09.04"]

1. e4 e5 2. Nf3 Nc6 3. Bc4 Nf6 4. Nc3 Nxe4 5. Nxe4 d5 6. Bb5 dxe4 7. Nxe5 Qd5
8. Bxc6+ bxc6 9. Ng4 Bc5 10. O-O O-O 11. d3 exd3 12. cxd3 Bxg4 13. Qxg4 Qxd3
14. Rd1 Qg6 15. Bg5 h6 16. Rac1 Bd6 17. h4 hxg5 18. hxg5 Qe6 19. Qa4 Qe5 20. g3
Qxg5 21. Kg2 Rfe8 22. Qxc6 Rab8 23. Rd5 Qg6 24. Rh1 Qe4+ 25. Kg1 Rxb2 26. Kh2
Rxf2+ 27. Kh3 Qxh1+ 28. Kg4 Re4+ 29. Kg5 Qh6# 0-1

[Event "IV Open de Lisboa Xeque Mate ao Verão 20"]
[Site "Avenida Gomes Pereira 17 - Lis"]
[Date "2016.09.09"]
[Round "7.16"]
[White "Soares, Manuel A A L Brandao"]
[Black "Antunes, Ana Maissa"]
[Result "0-1"]
[WhiteElo "1198"]
[BlackElo "1099"]
[PlyCount "62"]
[EventDate "2016.09.04"]

1. e4 e5 2. Nf3 Nc6 3. Bb5 Nf6 4. d3 Bc5 5. O-O d6 6. h3 O-O 7. Nc3 Be6 8. Bg5
Nd4 9. Nxd4 Bxd4 10. Ne2 Bxb2 11. Rb1 Ba3 12. Bc4 Bxc4 13. dxc4 b6 14. Nc3 Re8
15. Nd5 Re6 16. Qf3 Bc5 17. Qg3 Nxe4 18. Bxd8 Nxg3 19. Nxc7 Ne2+ 20. Kh2 Rxd8
21. Nxe6 fxe6 22. Rbe1 Nc3 23. Ra1 Ne4 24. f4 Bd4 25. Rad1 Nc3 26. Rd3 Nxa2 27.
Kh1 Nb4 28. Rd2 Bc3 29. Rdd1 Na6 30. fxe5 Bxe5 31. Rfe1 Rc8 0-1

[Event "IV Open de Lisboa Xeque Mate ao Verão 20"]
[Site "Avenida Gomes Pereira 17 - Lis"]
[Date "2016.09.09"]
[Round "7.17"]
[White "Martins, Domingos António Mel"]
[Black "Mesquita, Rui Duarte Jorge Lob"]
[Result "0-1"]
[WhiteElo "1215"]
[BlackElo "1501"]
[PlyCount "106"]
[EventDate "2016.09.04"]

1. d4 Nf6 2. Nf3 e6 3. Bf4 c5 4. c3 d5 5. e3 Nc6 6. Bb5 Bd7 7. Bd3 c4 8. Bc2 g6
9. Nbd2 Bg7 10. O-O O-O 11. b3 b5 12. Ne5 Nxe5 13. dxe5 Ne8 14. b4 h5 15. Nf3
f6 16. Nh4 g5 17. Ng6 gxf4 18. Nxf8 Kxf8 19. Qxh5 fxe5 20. exf4 exf4 21. Qf3
Qf6 22. Rac1 Ke7 23. Bb1 Bc6 24. Rfe1 Kd7 25. Qg4 Nc7 26. Rcd1 Re8 27. Rd4 Re7
28. h3 Bb7 29. Bc2 Kd6 30. a4 e5 31. Rd2 Bh6 32. axb5 Rg7 33. Qf3 Qg5 34. Red1
Ke6 35. Re2 Nxb5 36. Kf1 e4 37. Qg4+ Qxg4 38. hxg4 Nxc3 39. f3 e3 40. Ra1 Nxe2
41. Kxe2 d4 42. Bf5+ Kd6 43. Rh1 d3+ 44. Bxd3 cxd3+ 45. Kxd3 Ba6+ 46. Kc3 Bg5
47. Rd1+ Kc7 48. Rd5 Bf6+ 49. Kc2 e2 50. Kd2 Rd7 51. Rxd7+ Kxd7 52. Ke1 Bc3+
53. Kf2 e1=Q# 0-1